Central Library OPAC University of Rajshahi

اقبال كي شاعري / Iqbāl kī shāʻir / (Record no. 85148)

MARC details
000 -LEADER
fixed length control field 00849cam a22002297a 4500
001 - CONTROL NUMBER
control field 85148
003 - CONTROL NUMBER IDENTIFIER
rucl marc code BD-RjUL
005 - DATE AND TIME OF LATEST TRANSACTION
control field 20250709095813.0
008 - FIXED-LENGTH DATA ELEMENTS--GENERAL INFORMATION
fixed length control field 250607s1950 ii b 000 0 urd
035 ## - SYSTEM CONTROL NUMBER
System control number (BD-RjUL)85148
040 ## - CATALOGING SOURCE
Original cataloging agency DLC
Transcribing agency DLC
Modifying agency DLC
Language of cataloging eng
041 ## - LANGUAGE CODE
Language code of text/sound track or separate title urd
082 ## - DEWEY DECIMAL CLASSIFICATION NUMBER
Edition number 23
Classification number 891.34914
Author mark and year ABI 1950
245 00 - TITLE STATEMENT
Title اقبال كي شاعري / Iqbāl kī shāʻir /
Medium عبدالمالک ;;Abdul Malek
260 ## - PUBLICATION, DISTRIBUTION, ETC. (IMPRINT)
Place of publication, distribution, etc. Dihlī :
Name of publisher, distributor, etc. مطبوعہ نظامی پریس,
Date of publication, distribution, etc. 1950
300 ## - PHYSICAL DESCRIPTION
Pagination 374 p. ;
Size 23 cm.
490 1# - SERIES STATEMENT
Series statement Silsilah-yi mat̤būʻātadara i takbistanara ;
Volume/sequential designation nambar 1
520 ## - SUMMARY, ETC.
Summary, etc. Collection of articles on Sir Muhammad Iqbal, 1877-1938, Urdu poet; special number of Urdu periodicals Risālah-yi Urdū.
600 10 - SUBJECT ADDED ENTRY--PERSONAL NAME
Personal name Iqbal, Muhammad,
Titles and other words associated with a name Sir,
Dates associated with a name 1877-1938
General subdivision Criticism and interpretation.
942 ## - ADDED ENTRY ELEMENTS (KOHA)
Source of classification or shelving scheme Dewey Decimal Classification
Koha item type Books
Holdings
Lost status Source of classification or shelving scheme Damaged status Not for loan Collection code Permanent Location Current Location Shelving location Date acquired Total Checkouts Full call number Date last seen Copy number Koha item type
  Dewey Decimal Classification   Not For Loan Non-fiction Central Library, University of Rajshahi Central Library, University of Rajshahi Reading Room 04/08/1975   U 891.34914 ABI 1950 09/07/2025 C-1 Books